Statistics for Element Symbol by letter "N"

Click here to take the quiz!

General Stats

  • This quiz has been taken 21 times
  • The average score is 7 of 9

Answer Stats

HintAnswer% Correct
NeNeon
100%
NNitrogen
100%
NiNickel
83%
NaSodium
83%
NdNeodymium
67%
NpNeptunium
67%
NhNihonium
67%
NbNiobium
67%
NoNobelium
67%

Score Distribution

Percentile by Number Answered

Percent of People with Each Score

Your Score History

You have not taken this quiz